Roman funerary rituals in Mutina (Modena, Italy) /
This study presents the results of a research project undertaken in collaboration with the University of Huddersfield. The project sought to identify and reconstruct the funerary space and rituals of the necropolis in Mutina (now Modena) in the period between the first century BC and second century...
المؤلف الرئيسي:
التنسيق: كتاب الكتروني
اللغة: English
منشور في:
Oxford :
Archaeopress Publishing Ltd,
2023.
سلاسل:
Archaeopress Roman archaeology ;
98.
الموضوعات:
الوصول للمادة أونلاين: Login to view Source
الوسوم: إضافة وسم
رقم الطلب: GT3252
| LEADER | 01856nam a2200409 i 4500 | ||
|---|---|---|---|
| 001 | EDZ0003048945 | ||
| 003 | StDuBDS | ||
| 005 | 20230828071403.0 | ||
| 006 | m|||||o||d|||||||| | ||
| 007 | cr ||||||||||| | ||
| 008 | 230527s2023 enka fob 000|0|eng|d | ||
| 020 | |a 9781803274805 (PDF ebook) : |c No price | ||
| 040 | |a StDuBDS |b eng |c StDuBDS |e rda |e pn | ||
| 050 | 4 | |a GT3252 | |
| 082 | 0 | 4 | |a 393.0937262 |2 23 |
| 100 | 1 | |a Riso, Federica Maria, |e author. | |
| 245 | 1 | 0 | |a Roman funerary rituals in Mutina (Modena, Italy) / |c Federica Maria Riso. |
| 264 | 1 | |a Oxford : |b Archaeopress Publishing Ltd, |c 2023. | |
| 300 | |a 1 online resource (112 pages) : |b illustrations (colour). | ||
| 336 | |a text |2 rdacontent | ||
| 336 | |a still image |2 rdacontent | ||
| 337 | |a computer |2 rdamedia | ||
| 338 | |a online resource |2 rdacarrier | ||
| 490 | 1 | |a Archaeopress Roman archaeology ; |v 98 | |
| 500 | |a Also issued in print: 2023. | ||
| 504 | |a Includes bibliographical references. | ||
| 520 | 8 | |a This study presents the results of a research project undertaken in collaboration with the University of Huddersfield. The project sought to identify and reconstruct the funerary space and rituals of the necropolis in Mutina (now Modena) in the period between the first century BC and second century AD. | |
| 521 | |a Specialized. | ||
| 588 | |a Description based on online resource; title from PDF title page (viewed on July 31, 2023). | ||
| 650 | 0 | |a Funeral rites and ceremonies |z Rome. | |
| 651 | 0 | |a Modena (Italy) |x Antiquities, Roman. | |
| 776 | 0 | 8 | |i Print version : |z 9781803274799 |
| 830 | 0 | |a Archaeopress Roman archaeology ; |v 98. | |
| 856 | 4 | 0 | |u http://library.arce.org:8087/Archaeopress/Products/9781803274799 |
| 942 | |2 lcc |c EBOOK | ||
| 952 | |0 0 |1 0 |4 0 |6 GT3252 |7 1 |9 49734 |a ARCH |b ARCH |d 2023-08-28 |l 0 |o GT3252 |r 2023-08-28 00:00:00 |w 2023-08-28 |y EBOOK | ||
| 999 | |c 54377 |d 54377 | ||
